000 00811nam a2200253Ia 4500
003 OSt
005 20220925230637.0
006 a|||||r|||| 00| 0
007 ta
008 220923b |||||||| |||| 00| 0 eng d
020 _a1842774164
_c1688.76
037 _b18427, 11/03/2005, SBD
_cGeneral Book
040 _aRTL
_cRTL
_beng
041 _2eng
_aeng
082 _aY:677, P5
100 _aOlivier De sardan Jean Pierre
_9294033
245 0 _aAnthropology and development
_b Under standing contemporary social change
260 _aLondon
_bZed Books
_c2005
300 _a243p
_ccm.
500 _aBibliography P217-235
650 _aSocial Development
_9230960
942 _hY:677, P5
_cGB
_2CC
999 _c586225
_d586225